000 00892cam a22002531 4500
001 ss 54000014
003 DLC
005 20260227112752.0
008 800610s1954 dcua 000 0 eng c
010 _ass 54000014
035 _a(OCoLC)6403952
040 _aU.S. Social Security
_cMnWinoS
_dOCoLC
_dDLC
042 _apremarc
050 0 0 _aLB3451
_b.C8
082 _a371.71
_a371.72
100 1 _aCrane, Marian Minor,
_d1896-
245 1 0 _aScreening school children for visual defects;
_breport of a study conducted in St. Louis, Missouri, 1948-49
_c[by] Marian M. Crane [and others] with the assistance of Bronson Price.
260 _a[Washington,
_bU.S. Govt. Print. Off.,
_c1954]
300 _a92 p.
_btables.
_c23 cm.
410 1 0 _aUnited States.
_bChildren's Bureau.
_tPublication,
_vno. 345
650 0 _aEye
_xExamination.
650 0 _aSchool children.
740 0 _aVisual defects.
999 _c90954
_d90954